000 00640nam a2200169Ia 4500
008 090711s9999 xx 000 0 und d
082 _b1019
100 _aकोल्हापुरे पंढरीनाथ
245 _aगानयोगी शिवपुत्र
260 _bराजहंस प्रकाशन
_c1999
300 _a202
600 _aकोल्हापुरे पंढरीनाथ
630 _aगानयोगी शिवपुत्र
700 _aकोल्हापुरे पंढरीनाथ
730 _aगानयोगी शिवपुत्र
942 _cBOOK
999 _c335989
_d335989